000 00309nam a22001217a 4500
999 _c12077
_d12077
082 _a823.91
100 _aSZABIST Karachi
245 _aDemocracy the only way for Pakistan
_bInterviews of Benazir Bhutto
260 _aKarachi
_bSZABIST Karachi
_c2008
300 _a177
650 _aBiography
942 _cBK